Symbole wybranych pierwiastków chemicznch - Statystyki

Ogólne statystyki
  • Ten quiz został rozwiązany 589 razy
  • Średni wynik to 36 z 41
Statystyki odpowiedzi
Pierwiastek Symbol % Poprawnych
Węgiel C
100%
Siarka S
98%
Wodór H
97%
Magnez Mg
97%
Argon Ar
96%
Lit Li
96%
Neon Ne
96%
Mangan Mn
95%
Tlen O
95%
Fluor F
93%
Hel He
93%
Uran U
93%
Brom Br
92%
Rad Ra
92%
Bor B
91%
Chlor Cl
91%
Potas K
91%
Krypton Kr
91%
Bar Ba
90%
Wapń Ca
90%
Miedź Cu
90%
Beryl Be
89%
Jod I
89%
Azot N
89%
Fosfor P
89%
Złoto Au
88%
Żelazo Fe
88%
Nikiel Ni
88%
Ołów Pb
87%
Polon Po
87%
Glin Al
85%
Sód Na
84%
Krzem Si
84%
Srebro Ag
83%
Cynk Zn
82%
Rtęć Hg
79%
Platyna Pt
72%
Cyna Sn
71%
Kobalt Co
70%
Kadm Cd
61%
Cez Cs
56%
Nie znaleziono quizów pasujących do podanych kryteriów
Rozkład punktacji
Procent ludzi z każdym wynikiem
Percentyl według liczby udzielonych odpowiedzi
Twoja historia wyników
Nie rozwiązałeś tego quizu